روانشناسی تربیتی / (Record no. 541839)
[ view plain ]
| 000 -LEADER | |
|---|---|
| fixed length control field | 01205nam a2200205 a 4500 |
| 003 - CONTROL NUMBER IDENTIFIER | |
| control field | AM-YEHGA |
| 005 - DATE AND TIME OF LATEST TRANSACTION | |
| control field | 20260403152019.0 |
| 008 - FIXED-LENGTH DATA ELEMENTS--GENERAL INFORMATION | |
| fixed length control field | 260304s1991 ir ||||r|||| 00||0 per d |
| 040 ## - CATALOGING SOURCE | |
| Original cataloging agency | AM-YEHGA |
| 041 0# - LANGUAGE CODE | |
| Language code of text/sound track or separate title | per |
| 001 - CONTROL NUMBER | |
| control field | 2052478 |
| 100 1# - MAIN ENTRY--PERSONAL NAME | |
| Personal name | شریعتمداری، علی |
| Titles and words associated with a name | دکتر |
| 245 10 - TITLE STATEMENT | |
| Title | روانشناسی تربیتی / |
| Statement of responsibility, etc. | تالیف: دکتر علی شریعتمداری. |
| 246 31 - VARYING FORM OF TITLE | |
| Title proper/short title | Educational psychology |
| 250 ## - EDITION STATEMENT | |
| Edition statement | چاپ پنجم |
| 260 ## - PUBLICATION, DISTRIBUTION, ETC. | |
| Place of publication, distribution, etc. | تهران : |
| Name of publisher, distributor, etc. | مؤسسه انتشارات امیرکبیر, |
| Date of publication, distribution, etc. | 1991 [1370]. |
| 300 ## - PHYSICAL DESCRIPTION | |
| Extent | 540 p. |
| 650 14 - SUBJECT ADDED ENTRY--TOPICAL TERM | |
| Topical term or geographic name entry element | Psychology |
| 942 ## - ADDED ENTRY ELEMENTS (KOHA) | |
| Source of classification or shelving scheme | Universal Decimal Classification |
| Koha item type | Գրքեր / Books |
| Withdrawn status | Lost status | Source of classification or shelving scheme | Damaged status | Not for loan | Collection | Home library | Current library | Date acquired | Total checkouts | Full call number | Barcode | Date last seen | Price effective from | Koha item type | Public note |
|---|---|---|---|---|---|---|---|---|---|---|---|---|---|---|---|
| Universal Decimal Classification | Fundamental Scientific Library | Fundamental Scientific Library | 04/03/2026 | ԱՍՀ/223 | FL0704748 | 04/03/2026 | 04/03/2026 | Գրքեր / Books | ILL Non-Circ. |
ՀՀ Գիտությունների ազգային ակադեմիայի հիմնարար գիտական գրադարան = Fundamental Scientific Library of NAS RA
All site content, except where otherwise noted, is licensed under a